000 00393nam a2200157Ia 4500
008 231217s9999 xx 000 0 und d
041 _aEnglish
082 _a001.6404 ZAK
100 _aZaks, RodnayLesea, Austin
245 0 _aMicroprocessor interfacing techniques
250 _a3rd ed.
260 _c1988
_bNew Delhi : BPB,
300 _a456
650 _aMicroprocessor
942 _cAA
999 _c163611
_d163611